000 00500nam a2200193 a 4500
001 1768117515622
003 YourLibrary
005 20260112125814.0
008 260111s1994##################000#0#eng##
020 _a9780815318545
082 0 4 _a302.224
_bMOR
100 1 _aMorsy, Zaghloul,
_eauthor.
245 1 0 _aThe Challenge of Illiteracy :
260 _bTaylor & Francis,
_c1994.
300 _a350 pages
650 0 _aEducation.
942 _cENGLISH
040 _aYourLibrary
_beng
_cYourLibrary
999 _c608257
_d608257